| 000 | 01028cam a22002054a 4500 | ||
|---|---|---|---|
| 005 | 20250605164121.0 | ||
| 008 | 250528s ||||||||||||||||||||||||d | ||
| 035 | _a18258 | ||
| 020 | _a140226451 | ||
| 040 |
_aGR-AtMCL _bgre _dGR-AtMCL _eAACR2 |
||
| 245 | 1 | _aBereavement / Studies of Grief in Adult Life | |
| 250 | _a3rd | ||
| 260 |
_bPenguin Books, _c1987 |
||
| 300 | _a274 | ||
| 520 | _aThis classical text enables us to understand grief and grieving. Acknowledgements, Introduction, The Cost of Commitment, The Broken Heart, Alarm, Searching, Mitigation, Anger and Guilt, Gaining a New Identity, Atypical Grief, Determinants of Grief I: Relationship and Gender and Age, Determinants of Grief II: Mode of Death, Determinants of Grief III: Personal Vulnerability, Helping the Bereaved I: General Principles, Helping the Bereaved II: Types of Help, Reactions to Other Types of Loss, Appendix, Notes, References, Index. | ||
| 700 | 1 |
_aParkes Colin Murray _94538 |
|
| 942 | _cBK | ||
| 999 |
_c3630 _d3630 |
||